00851cam a2200241 a 4500008004100000020002200041245011700063260002900180300003500209504004100244500002000285650002300305650003800328650005200366650002700418650004200445650005600487700001800543700002100561003000100582005001700583040000900600  a0273612352 (pbk.)00aHuman resource development :bperspectives, strategies and practice /cedited by Jim Stewart and Jim McGoldrick. aLondon :bPitman,c1996. aviii, 312 p. :bill. ;c25 cm. aIncludes bibliographical references. aIncludes index. 0aManpower planning. 0aManpower planningzGreat Britain. 0aManpower planningzGreat BritainxCase studies. 0aOrganizational change. 0aOrganizational changezGreat Britain. 0aOrganizational changezGreat BritainxCase studies.1 aStewart, Jim.1 aMcGoldrick, Jim.20230123124916.0 cNUST